Umělá či teamová inteligence v roce 2018?

Vzostup umelej inteligencie (AI) a poskytovanie finančných služieb v roku 2018. S AI budú statusy realizovaných služieb, úkonov a požiadaviek, vzťahy medzi zákazníkmi a finančnými inštitúciami poskytované zcela automaticky. Nové technológie ešte viac posilnia trend špecializácie. AI prinesie aj zmen...

Descrizione completa

Salvato in:
Dettagli Bibliografici
Autore principale: Švihálek, Ondřej
Natura: Capitolo di libro
Lingua:ceco
Soggetti:
Tags: Aggiungi Tag
Nessun Tag, puoi essere il primo ad aggiungerne!!

MARC

LEADER 00000naa a2200000 4500
001 0239880
005 20180202084748.5
041 0 |a cze 
044 |a CZ 
245 1 0 |a Umělá či teamová inteligence v roce 2018?  |c Ondřej Švihálek 
520 |a Vzostup umelej inteligencie (AI) a poskytovanie finančných služieb v roku 2018. S AI budú statusy realizovaných služieb, úkonov a požiadaviek, vzťahy medzi zákazníkmi a finančnými inštitúciami poskytované zcela automaticky. Nové technológie ešte viac posilnia trend špecializácie. AI prinesie aj zmenu práce s dátovými tokmi. 
610 2 0 |a bankovníctvo 
610 2 0 |a digitalizácia 
610 2 0 |a inteligencia umelá 
610 2 0 |a prognózy 
610 2 0 |a technológie informačné 
610 2 0 |a technológie komunikačné 
610 2 0 |a technológie nové 
100 1 |a Švihálek, Ondřej